000
00205 a2200097 4500
001
3560
100
_a
Elonka, D.M
245
_a
Standard electronics Q/A
260
_a
_b
Mcgrawhill
_c
090
_c
2824
_d
2824
942
_a
NUST-CAE
_c
M
_c
20269
999
_c
238633
_d
238633